000 00501nam a2200145Ia 4500
008 151213s9999 xx 000 0 und d
100 _aসৈয়দ আলী আহসান।
245 _aসহিসা সচকিত।
_cসৈয়দ আলী আহসান।
260 _aচট্টগ্রাম।
_bবইঘর।
_cevsjv 1373
300 _a8741 p.
650 _aBangla
650 _aকবিতা
700 _aসৈয়দ আলী আহসান।
999 _c4526
_d4526